| 000 | 00446nam a22001817a 4500 | ||
|---|---|---|---|
| 008 | 220511b ||||| |||| 00| 0 eng d | ||
| 020 | _a81-7169-900-6 | ||
| 082 |
_a150 _bSHE |
||
| 100 | _aShukla | ||
| 245 |
_aEncyclopaedia of Psychology 10 Vol Set (Vol - 5 ) _cBy K.C Shukla |
||
| 260 |
_aDelhi _bCommonwealth _c2019 |
||
| 300 | _a286p. | ||
| 440 | _aVol -5 | ||
| 650 | _aECONOMICS | ||
| 700 | _aTara Chand | ||
| 942 | _cBK | ||
| 999 |
_c43010 _d43010 |
||
| 041 | _aeng | ||